000 00625nmc a2200241 a 4500
003 AR-BaBNM
005 20251128203252.0
008 227019s1984 ||||||||||||||000 | spa||
020 _a950-614-479-6
040 _cAR-BaBNM
100 1 _aVerne, Jules
_d1828-1905
245 1 0 _aMiguel Strogoff
260 _aBuenos Aires
_bEdiciones Orbis
_c1984
300 0 _a283 p.
490 0 _aLas grandes novelas de aventuras
_vv. 2
650 4 _aLITERATURA FRANCESA
653 0 _aNOVELA DE AVENTURAS
653 0 _aNOVELA DE PERSONAJE
653 0 _aLITERATURA JUVENIL
655 _aLITERATURA
942 _cBK
998 _cMARTIN
999 _c2642
_d2642